000 00491nam a2200181 a 4500
001 000028185
005 20200930031424.0
008 110407s1999 dr 000 j spa d
040 _aDO-SdBNP
_bspa
_cBNPHU
082 _axxxx
_bG642m
100 1 _aGonzaga
_955161
245 1 0 _aMa Tingó :
_b(cuento) /
_cGonzaga.
260 _aSanto Domingo :
_bEdiciones Sur,
_c1999.
300 _a9 p. ;
_c21 cm.
490 1 _aDios es amor
_vno. 3
830 0 _aDios es amor
_vno. 3
_955186
049 _aBNPD
999 _c27677
_d27677